000 01108cam a22002894a 4500
001 15301923
005 20170105102922.0
008 080522s2009 maub b 001 0 eng
010 _a 2008022185
020 _a9780205608119
020 _a0205608116
040 _aDLC
_cDLC
_dDLC
050 0 0 _aPN4775
_b.G56 2009
082 0 0 _a070.4
_222
245 0 0 _aGlobal journalism :
_btopical issues and media systems /
_cedited by Arnold S. de Beer, preface byJohn C. Merrill.
250 _a5th ed.
260 _aBoston :
_bPearson, Allyn and Bacon,
_c2009.
300 _axxii, 482 p. :
_bmaps ;
_c24 cm.
504 _aIncludes bibliographical references and index.
650 0 _aJournalism.
700 1 _aDe Beer, A. S.
_q(Arrie)
700 1 _aMerrill, John Calhoun,
_d1924-
856 4 1 _3Table of contents only
_uhttp://www.loc.gov/catdir/toc/ecip0818/2008022185.html
906 _a7
_bcbc
_corignew
_d1
_eecip
_f20
_gy-gencatlg
942 _2ddc
_cBK
999 _c15624
_d15624